Runaway - Urban Strangers - All Lyrics - Statistics

General Stats
  • This quiz has been taken 2 times
  • The average score is 119 of 394
Answer Stats
Answer % Correct
a
100%
can
100%
don't
100%
I
100%
me
100%
Run
100%
You
100%
you
100%
you,
100%
again
50%
an
50%
and
50%
away
50%
be
50%
begin
50%
can't
50%
coming
50%
Everything
50%
everything
50%
for
50%
is
50%
know
50%
my
50%
of
50%
Please
50%
Runaway
50%
story
50%
swear
50%
This
50%
way
50%
"We
50%
while
50%
alone
0%
are
0%
“Are
0%
asking
0%
baby
0%
back
0%
being
0%
but
0%
But
0%
cannot
0%
change
0%
changed
0%
dark
0%
done
0%
down
0%
else?"
0%
end
0%
even
0%
Everyone
0%
everyone
0%
eyes
0%
face
0%
Fast
0%
fear
0%
gonna
0%
half
0%
happen,
0%
has
0%
head,
0%
How
0%
I'd
0%
if
0%
i-i-it
0%
I'm
0%
in
0%
inside
0%
interested,
0%
it's
0%
It’s
0%
late
0%
late,
0%
leave
0%
Light
0%
like
0%
live
0%
make
0%
many,
0%
many
0%
Maybe
0%
moon”
0%
more
0%
myself
0%
never
0%
no
0%
Nobody
0%
not
0%
Now
0%
on
0%
other
0%
past
0%
People
0%
pretend
0%
prevail
0%
rage
0%
reason
0%
reveal
0%
right
0%
said
0%
same
0%
see
0%
See
0%
shines
0%
side
0%
smile
0%
so
0%
still
0%
strong
0%
the
0%
The
0%
themselves,
0%
there
0%
think
0%
through
0%
to
0%
told
0%
too
0%
trashed
0%
truth
0%
turning
0%
well
0%
were
0%
where
0%
words
0%
wrong,
0%
yeah
0%
No matching quizzes found
Score Distribution
Percent of People with Each Score
Percentile by Number Answered
Your Score History
You have not taken this quiz